000 00348nam a22001457a 4500
003 LK-CoDNM
005 20250722131047.0
008 250722b |||||||| |||| 00| 0 eng d
040 _aLK-CoDNM
_dLK-CoDNM
_eLK-CoDNM
041 _asin
080 _aKAVI
_b2
245 _aකවි කොළ එකතුව 2
650 _aකවි
942 _cBK
999 _c240153
_d240153